| 000 | 00491nam a2200181Ia 4500 | ||
|---|---|---|---|
| 008 | 100920s9999 xx 000 0 und d | ||
| 082 |
_b69015 _a24 थ 91 |
||
| 100 | _aगोमेद. | ||
| 245 | _aजिजाऊ. | ||
| 260 |
_bपारख प्रकाशन, बेळगांव. _c1991 |
||
| 300 |
_a282 _bसाधी |
||
| 365 | _b150 | ||
| 520 | _aसायो. | ||
| 630 | _aजिजाऊ. | ||
| 650 | _aसायो. | ||
| 730 | _aजिजाऊ. | ||
| 942 | _cBOOK | ||
| 999 |
_c711249 _d711246 |
||